| 000 | 00701nac a22001931u 4500 | ||
|---|---|---|---|
| 020 | _a0070499527 | ||
| 082 | 0 | 0 |
_a658.1511 _bK452 |
| 090 |
_c1067 _d1067 |
||
| 100 | _aKhan, M. Y. | ||
| 245 | 0 | 0 |
_aManagement accounting and financial analysis / _cM. Y. Khan, P. K. Jain. |
| 260 |
_aNew Delhi : _bTata McGraw-Hill Pub. Co., _c2003. |
||
| 300 |
_a1 v. (various pagings) : _bill. ; _c25 cm. |
||
| 500 | _aIncludes index. | ||
| 650 | 0 | _aManagerial accounting. | |
| 650 | 0 | _aFinancial analysis. | |
| 700 | _aJain, P. K. | ||
| 942 |
_cBB _k658.1511K452 |
||
| 999 |
_c1067 _d1067 |
||